000 00915nas a2200253 4500
001 175913
003 ES-MaACL
005 20250810225314.0
007 c| |||||||||||
008 101130s1991 sp mr p 001 |spa d
022 _a1889-2280
080 _a82-1
245 0 0 _aÁlora, la bien cercada [
_hRecurso electrónico]
_b: revista de letras.
260 _aÁlora, Málaga :
_bConcejalía de Cultura,
_c1991-
300 _a[v. :
_bil. ;
_c22 cm]
310 _aMensual
362 1 _aN. 1 (feb. 1991)-
594 _aPresentación del n. 27 de la revista Álora en el Ateneo de Madrid, el 17 de febrero de 2011.
610 2 4 _aAteneo de Madrid-
_xActos culturales-
_y2010-2011.
_9161917
650 0 7 _aPoesía
_2embne
_916149
710 1 _aÁlora.
_bConcejalía de Cultura.
_9144126
856 4 _uhttp://revistaaloralabiencercada.blogspot.com/
_zRevista Álora, la bien cercada
999 _c175913
_d175913